Ricostruisci la Carriera del Calciatore - Giacomo Bonaventura - Statistics

Statistiche generali
  • Questo quiz è stato fatto 9 volte
  • Il punteggio medio è 4 su 7
Statistiche sulle risposte
Hint Risposta % Corretto
2020- Fiorentina
86%
2009 Pergocrema
86%
2014-2020 Milan
71%
2009-2010 Atalanta
57%
2010-2014 Atalanta
57%
2008-2009 Atalanta
43%
2010 Padova
43%
Nessun quiz corrispondente trovato
Distribuzione punteggi
Percentuale di utenti per punteggio
Percentile per numero di risposta
I tuoi punteggi nel tempo
Non hai fatto questo quiz